000
00222nam a22000857a 4500
008
161101b xxu||||| |||| 00| 0 eng d
100
_9
1011
_a
Sharma.B.C.
245
_a
Accountancy-XII
260
_a
New Delhi
_b
ABD Publications
_c
2012
999
_c
3671
_d
3671